| 000 | 00000nam##2200000za#4500 |
| 001 | 9.591631 |
| 003 | CaOODSP |
| 005 | 20210624200746 |
| 007 | cr ||||||||||| |
| 008 | 150406|2004||||xxc|||||o f|0| 0 fre|d |
| 020 | |a0-662-75937-0 |
| 040 | |aCaOODSP|bfre |
| 043 | |an-cn--- |
| 086 | 1 |aHS3-2/018-05-03F-PDF |
| 110 | 1 |aCanada. |bRessources humaines et développement des compétences Canada. |
| 245 | 10|aRapport de contrôle sur le versement de prestations d'AE selon les motifs de cessation d'emploi - rapport final |h[ressource électronique] |
| 260 | |aOttawa - Ontario : |bRessources humaines et Développement des compétences Canada |c2004. |
| 490 | 1 |aÉvaluation et développement |vSP-ML-018-05-03F |
| 590 | |a13-08-Supp|b2013-04-02 |
| 691 | 07|aAssurance-emploi|2gcpds |
| 775 | 08|tMonitoring report on EI receipt by reason for job separation - final report |w(CaOODSP)9.558797 |
| 830 | #0|aÉvaluation et développement ;|vSP-ML-018-05-03F|w(CaOODSP)9.501163 |
| 856 | 40|ahttp://publications.gc.ca|qPDF|s887 Ko|uhttps://publications.gc.ca/collections/collection_2013/rhdcc-hrsdc/HS3-2-018-05-03-fra.pdf|ySP-ML-018-05-03F |